Verejný prísľub s otáznikmi
Námestníčka RM-Systému Slovakia Darina Huttová a člen obchodnej divízie Burzy cenných papierov v Bratislave Gabriel Hinzeller o forme plnenia oznamovacej a ponukovej povinnosti, ktorá vyplýva z novely zákona o cenných papieroch od 15. 8. 1996.
Salvato in:
| Autore principale: | |
|---|---|
| Altri autori: | , |
| Natura: | Capitolo di libro |
| Lingua: | slovacco |
| Soggetti: | |
| Tags: |
Nessun Tag, puoi essere il primo ad aggiungerne!!
|
MARC
| LEADER | 00000naa a2200000 4500 | ||
|---|---|---|---|
| 001 | r022557 | ||
| 005 | 20230801104428.0 | ||
| 041 | 0 | |a slo | |
| 044 | |a SK | ||
| 245 | 1 | 0 | |a Verejný prísľub s otáznikmi |c Darina Huttová, G. Hinzeller, M. Pintér |
| 520 | |a Námestníčka RM-Systému Slovakia Darina Huttová a člen obchodnej divízie Burzy cenných papierov v Bratislave Gabriel Hinzeller o forme plnenia oznamovacej a ponukovej povinnosti, ktorá vyplýva z novely zákona o cenných papieroch od 15. 8. 1996. | ||
| 610 | 2 | 0 | |a Slovensko |
| 610 | 2 | 0 | |a 1995 |
| 610 | 2 | 0 | |a 1996 |
| 610 | 2 | 0 | |a trh kapitálový |
| 610 | 2 | 0 | |a povinnosť oznamovacia |
| 610 | 2 | 0 | |a povinnosť ponuková |
| 610 | 2 | 0 | |a RM-Systém Slovakia |
| 610 | 2 | 0 | |a burzy |
| 610 | 2 | 0 | |a BCP Bratislava |
| 610 | 2 | 0 | |a papiere cenné |
| 100 | 1 | |a Huttová, Darina | |
| 700 | 1 | |a Hinzeller, Gabriel | |
| 700 | 1 | |a Pintér, M. | |